<?xml version="1.0" encoding="UTF-8"?>
<record
    xmlns:xsi="http://www.w3.org/2001/XMLSchema-instance"
    xsi:schemaLocation="http://www.loc.gov/MARC21/slim http://www.loc.gov/standards/marcxml/schema/MARC21slim.xsd"
    xmlns="http://www.loc.gov/MARC21/slim">

  <leader>06737cam a2200505 i 4500</leader>
  <controlfield tag="001">on1348852788</controlfield>
  <controlfield tag="003">OCoLC</controlfield>
  <controlfield tag="005">20260623130218.0</controlfield>
  <controlfield tag="008">220921t20222022fr ah    b    000 0 fre  </controlfield>
  <datafield tag="010" ind1=" " ind2=" ">
    <subfield code="a">  2022491650</subfield>
  </datafield>
  <datafield tag="020" ind1=" " ind2=" ">
    <subfield code="a">9782878233056</subfield>
    <subfield code="q">(paperback)</subfield>
  </datafield>
  <datafield tag="020" ind1=" " ind2=" ">
    <subfield code="a">2878233050</subfield>
  </datafield>
  <datafield tag="035" ind1=" " ind2=" ">
    <subfield code="a">(OCoLC)1348852788</subfield>
  </datafield>
  <datafield tag="040" ind1=" " ind2=" ">
    <subfield code="a">DLC</subfield>
    <subfield code="b">eng</subfield>
    <subfield code="e">rda</subfield>
    <subfield code="c">DLC</subfield>
    <subfield code="d">PAU</subfield>
    <subfield code="d">OCLCF</subfield>
    <subfield code="d">PUL</subfield>
    <subfield code="d">AUXAM</subfield>
    <subfield code="d">OCLCO</subfield>
    <subfield code="d">OCLCL</subfield>
  </datafield>
  <datafield tag="042" ind1=" " ind2=" ">
    <subfield code="a">pcc</subfield>
  </datafield>
  <datafield tag="043" ind1=" " ind2=" ">
    <subfield code="a">e-fr---</subfield>
    <subfield code="a">e------</subfield>
  </datafield>
  <datafield tag="050" ind1="0" ind2="0">
    <subfield code="a">BF1582</subfield>
    <subfield code="b">.D54</subfield>
  </datafield>
  <datafield tag="082" ind1="1" ind2="4">
    <subfield code="a">944</subfield>
    <subfield code="a">133</subfield>
  </datafield>
  <datafield tag="100" ind1="1" ind2=" ">
    <subfield code="a">NAFISSATOU NIANO DIALLO</subfield>
    <subfield code="e">author.</subfield>
    <subfield code="9">57568</subfield>
  </datafield>
  <datafield tag="245" ind1="1" ind2="3">
    <subfield code="a">La chasse aux sorci&#xFFFD;eres :</subfield>
    <subfield code="b">erreur judiciaire et complot misogyne /</subfield>
    <subfield code="c">Brigitte Rochelandet ; dessins de Jean-Claude Bourgeois.</subfield>
  </datafield>
  <datafield tag="264" ind1=" " ind2="1">
    <subfield code="a">[Besan&#xFFFD;con] :</subfield>
    <subfield code="b">C&#xFFFD;etre,</subfield>
    <subfield code="c">[2022]</subfield>
  </datafield>
  <datafield tag="264" ind1=" " ind2="4">
    <subfield code="c">&#xFFFD;2022</subfield>
  </datafield>
  <datafield tag="300" ind1=" " ind2=" ">
    <subfield code="a">125 pages :</subfield>
    <subfield code="b">illustrations, facsimiles ;</subfield>
    <subfield code="c">24 cm</subfield>
  </datafield>
  <datafield tag="336" ind1=" " ind2=" ">
    <subfield code="a">text</subfield>
    <subfield code="b">txt</subfield>
    <subfield code="2">rdacontent</subfield>
  </datafield>
  <datafield tag="337" ind1=" " ind2=" ">
    <subfield code="a">unmediated</subfield>
    <subfield code="b">n</subfield>
    <subfield code="2">rdamedia</subfield>
  </datafield>
  <datafield tag="338" ind1=" " ind2=" ">
    <subfield code="a">volume</subfield>
    <subfield code="b">nc</subfield>
    <subfield code="2">rdacarrier</subfield>
  </datafield>
  <datafield tag="504" ind1=" " ind2=" ">
    <subfield code="a">Includes bibliographical references (pages 171-172).</subfield>
  </datafield>
  <datafield tag="505" ind1="0" ind2="0">
    <subfield code="t">La chasse aux sorci&#xFFFD;eres. Erreur judiciaire et complot misogyne --</subfield>
    <subfield code="g">Pt. 1.</subfield>
    <subfield code="t">L'h&#xFFFD;er&#xFFFD;esie des sorci&#xFFFD;eres du XVe au XVIIe si&#xFFFD;ecle --</subfield>
    <subfield code="t">Sorcellerie? --</subfield>
    <subfield code="t">Un nouveau crime en Franche-Comt&#xFFFD;e en 1434 --</subfield>
    <subfield code="t">Les premi&#xFFFD;eres victimes --</subfield>
    <subfield code="t">La gen&#xFFFD;ese de la r&#xFFFD;epression en Europe --</subfield>
    <subfield code="t">De la superstition au crime --</subfield>
    <subfield code="t">Le diable sur la sellette --</subfield>
    <subfield code="t">L'ennemi d'enfer --</subfield>
    <subfield code="t">&#xFFFD;Eglise et souverains, des concurrents unis face au diable --</subfield>
    <subfield code="t">Des conciles et des textes r&#xFFFD;epressifs --</subfield>
    <subfield code="t">Une mont&#xFFFD;ee en puissance --</subfield>
    <subfield code="t">Des proc&#xFFFD;es politiques --</subfield>
    <subfield code="t">Le sabbat, une construction mentale fantasm&#xFFFD;ee --</subfield>
    <subfield code="t">Du refus &#xFFFD;a l'acceptation --</subfield>
    <subfield code="t">Une naissance litt&#xFFFD;eraire --</subfield>
    <subfield code="t">Le malleus maleficarumet sa misogynie mortif&#xFFFD;ere --</subfield>
    <subfield code="t">Le p&#xFFFD;ere de la litt&#xFFFD;erature d&#xFFFD;emonologique --</subfield>
    <subfield code="t">Une litt&#xFFFD;erature catholique et protestante --</subfield>
    <subfield code="t">Les premi&#xFFFD;eres ordonnances r&#xFFFD;epressives --</subfield>
    <subfield code="t">Des lois mortif&#xFFFD;eres --</subfield>
    <subfield code="g">Pt. 2.</subfield>
    <subfield code="t">La r&#xFFFD;epression en Franche-Comt&#xFFFD;e 1434-1664 --</subfield>
    <subfield code="t">Ordonnances et &#xFFFD;edits --</subfield>
    <subfield code="t">L'entr&#xFFFD;ee en guerre contre le diable --</subfield>
    <subfield code="t">Chronologie et ampleur des condamnations --</subfield>
    <subfield code="t">La r&#xFFFD;epression catholique --</subfield>
    <subfield code="t">La r&#xFFFD;epression luth&#xFFFD;erienne --</subfield>
    <subfield code="t">La fin des proc&#xFFFD;es --</subfield>
    <subfield code="t">De timides mises en garde --</subfield>
    <subfield code="t">Une nouvelle perception --</subfield>
    <subfield code="t">R&#xFFFD;evolution mentale chez les &#xFFFD;elites religieuses --</subfield>
    <subfield code="t">Pr&#xFFFD;ecocit&#xFFFD;e du parlement de Paris --</subfield>
    <subfield code="t">Un proc&#xFFFD;es codifi&#xFFFD;e mais d&#xFFFD;erogatoire au droit commun --</subfield>
    <subfield code="t">La rumeur, source d'erreur judiciaire --</subfield>
    <subfield code="t">Une instruction sous l'emprise du diable --</subfield>
    <subfield code="t">La marque du diable --</subfield>
    <subfield code="t">Des tourments pour obtenir l'aveu --</subfield>
    <subfield code="t">Condamner, bannir ou lib&#xFFFD;erer --</subfield>
    <subfield code="t">La mort par le feu --</subfield>
    <subfield code="t">Br&#xFFFD;uler le corps et effacer le souvenir --</subfield>
    <subfield code="t">Le prix de la mort --</subfield>
    <subfield code="t">Portraits de juges et d'inquisiteurs comtois --</subfield>
    <subfield code="t">Une justice comp&#xFFFD;etente --</subfield>
    <subfield code="t">Henri Boguet, le d&#xFFFD;emonologue maudit --</subfield>
    <subfield code="t">Jean Grivel, un juge convaincu --</subfield>
    <subfield code="t">Jean Clerc, un bailli en pleine tourmente --</subfield>
    <subfield code="t">Claude Buhon, l'homme fort de Quingey --</subfield>
    <subfield code="t">Dominique Lambert, au service de la grandeur de l'Inquisition --</subfield>
    <subfield code="t">Jean Des Loix, un auteur m&#xFFFD;econnu --</subfield>
    <subfield code="t">Pierre Symard, un inquisiteur un peu trop actif --</subfield>
    <subfield code="t">Les accusations port&#xFFFD;ees contre la sorci&#xFFFD;ere --</subfield>
    <subfield code="t">Des malheurs au village --</subfield>
    <subfield code="t">Premier rendez-vous --</subfield>
    <subfield code="t">Le sabbat, fantasme sexuel des &#xFFFD;erudits comtois --</subfield>
    <subfield code="g">Pt. 3.</subfield>
    <subfield code="t">Le fondement social de la r&#xFFFD;epression du crime de sorcellerie --</subfield>
    <subfield code="t">Des hommes condamn&#xFFFD;es et br&#xFFFD;ul&#xFFFD;es --</subfield>
    <subfield code="t">Vuillemin Boban de Besan&#xFFFD;con --</subfield>
    <subfield code="t">Les Desmoulins d'Autrey-l&#xFFFD;es-Gray --</subfield>
    <subfield code="t">Nicolas Nicod de Lavans-l&#xFFFD;es-Saint-Claude --</subfield>
    <subfield code="t">Les Bucheron d'Amance --</subfield>
    <subfield code="t">Jean Dossole d'Arbois --</subfield>
    <subfield code="t">Les fr&#xFFFD;eres Mathieu de Saint-Hymeti&#xFFFD;ere, 1664 --</subfield>
    <subfield code="t">De f&#xFFFD;eroces loups-garous --</subfield>
    <subfield code="t">Des enfants sorciers --</subfield>
    <subfield code="t">Le diable aime les enfants --</subfield>
    <subfield code="t">Des femmes au service du diable --</subfield>
    <subfield code="t">Sorci&#xFFFD;eres des villes ou sorci&#xFFFD;eres des champs? --</subfield>
    <subfield code="t">Riches ou pauvres? --</subfield>
    <subfield code="t">Des gu&#xFFFD;erisseuses mal&#xFFFD;efiques? --</subfield>
    <subfield code="t">Les sages-femmes, sorci&#xFFFD;eres infanticides? --</subfield>
    <subfield code="t">Mauvaises voisines? --</subfield>
    <subfield code="t">Mauvaise chr&#xFFFD;etienne ou d&#xFFFD;ebauch&#xFFFD;ee? --</subfield>
    <subfield code="t">La chasse aux sorci&#xFFFD;eres --</subfield>
    <subfield code="t">Ou le refus des vieillardes inutiles? --</subfield>
    <subfield code="t">La vieillesse, 8e p&#xFFFD;ech&#xFFFD;e capital?</subfield>
  </datafield>
  <datafield tag="520" ind1=" " ind2=" ">
    <subfield code="a">"Les sorci&#xFFFD;eres sont de retour! Mais de qui ou de quoi parle-t-on? Le terme sorci&#xFFFD;ere reprend une construction mentale n&#xFFFD;ee &#xFFFD;a la fin du Moyen &#xFFFD;Age, d&#xFFFD;evelopp&#xFFFD;ee &#xFFFD;a l'&#xFFFD;epoque Moderne et utilis&#xFFFD;ee aujourd'hui &#xFFFD;a des fins militantes et mercantiles. La sorci&#xFFFD;ere contemporaine est une femme forte, rebelle et lib&#xFFFD;er&#xFFFD;ee du joug masculin. Consciente de cette symbolique contemporaine, cette &#xFFFD;etude ne peut l'ignorer, mais elle est essentiellement consacr&#xFFFD;ee au terrible ph&#xFFFD;enom&#xFFFD;ene de la r&#xFFFD;epression de la sorcellerie vulgaris&#xFFFD;ee sous l'appellation de chasse aux sorci&#xFFFD;eres, en raison de la sur f&#xFFFD;eminisation des proc&#xFFFD;es. Dans cette &#xFFFD;etude consacr&#xFFFD;ee aux proc&#xFFFD;es men&#xFFFD;es de 1434 &#xFFFD;a 1664 en Franche-Comt&#xFFFD;e (comprenant le comt&#xFFFD;e de Bourgogne et la ville imp&#xFFFD;eriale de Besan&#xFFFD;con, tous deux catholiques, et la principaut&#xFFFD;e luth&#xFFFD;erienne de Montb&#xFFFD;eliard), l'autrice &#xFFFD;eclaire les faits &#xFFFD;a la lueur des pers&#xFFFD;ecutions men&#xFFFD;ees dans les &#xFFFD;Etats voisins et d&#xFFFD;emontre que la province appartient &#xFFFD;a l'Europe des b&#xFFFD;uchers. Elle pose la question de la complexit&#xFFFD;e des pers&#xFFFD;ecutions, absentes dans certains pays et en surnombre dans d'autres. Elle tente de percer la personnalit&#xFFFD;e d'environ sept cents accus&#xFFFD;ees afin de dresser un v&#xFFFD;eritable portrait de la sorci&#xFFFD;ere et &#xFFFD;etablit une diff&#xFFFD;erence entre l'accus&#xFFFD;ee d&#xFFFD;enonc&#xFFFD;ee par les villageois de celle d&#xFFFD;ecrite par les d&#xFFFD;emonologues. Elle n'oublie pas que des hommes furent &#xFFFD;egalement jug&#xFFFD;es et cherche &#xFFFD;a en dresser les portraits. En assimilant les proc&#xFFFD;es de sorcellerie &#xFFFD;a une erreur judiciaire et &#xFFFD;a un complot misogyne, elle propose une nouvelle v&#xFFFD;erit&#xFFFD;e sur ce ph&#xFFFD;enom&#xFFFD;ene complexe"--Page 4 of cover.</subfield>
  </datafield>
  <datafield tag="650" ind1=" " ind2="0">
    <subfield code="a">Witch hunting</subfield>
    <subfield code="z">France</subfield>
    <subfield code="z">Franche-Comt&#xFFFD;e</subfield>
    <subfield code="x">History.</subfield>
    <subfield code="9">57569</subfield>
  </datafield>
  <datafield tag="650" ind1=" " ind2="0">
    <subfield code="a">Trials (Witchcraft)</subfield>
    <subfield code="z">France</subfield>
    <subfield code="z">Franche-Comt&#xFFFD;e</subfield>
    <subfield code="x">History.</subfield>
    <subfield code="9">57570</subfield>
  </datafield>
  <datafield tag="650" ind1=" " ind2="0">
    <subfield code="a">Sexism in witchcraft trials</subfield>
    <subfield code="z">France</subfield>
    <subfield code="z">Franche-Comt&#xFFFD;e</subfield>
    <subfield code="x">History.</subfield>
    <subfield code="9">57571</subfield>
  </datafield>
  <datafield tag="650" ind1=" " ind2="0">
    <subfield code="a">Women, violence against</subfield>
    <subfield code="z">France</subfield>
    <subfield code="z">France-Comt&#xFFFD;e</subfield>
    <subfield code="x">History.</subfield>
    <subfield code="9">57572</subfield>
  </datafield>
  <datafield tag="650" ind1=" " ind2="6">
    <subfield code="a">Proc&#xFFFD;es (Sorcellerie)</subfield>
    <subfield code="z">France</subfield>
    <subfield code="z">Franche-Comt&#xFFFD;e</subfield>
    <subfield code="x">Histoire.</subfield>
    <subfield code="9">57573</subfield>
  </datafield>
  <datafield tag="650" ind1=" " ind2="7">
    <subfield code="a">Misogyny</subfield>
    <subfield code="2">fast</subfield>
    <subfield code="9">57574</subfield>
  </datafield>
  <datafield tag="650" ind1=" " ind2="7">
    <subfield code="a">Trials (Witchcraft)</subfield>
    <subfield code="2">fast</subfield>
    <subfield code="9">48920</subfield>
  </datafield>
  <datafield tag="650" ind1=" " ind2="7">
    <subfield code="a">Witch hunting</subfield>
    <subfield code="2">fast</subfield>
    <subfield code="9">57575</subfield>
  </datafield>
  <datafield tag="651" ind1=" " ind2="0">
    <subfield code="a">Franche-Comt&#xFFFD;e (France)</subfield>
    <subfield code="x">Social life and customs.</subfield>
    <subfield code="9">57576</subfield>
  </datafield>
  <datafield tag="651" ind1=" " ind2="7">
    <subfield code="a">Europe</subfield>
    <subfield code="2">fast</subfield>
    <subfield code="9">871</subfield>
  </datafield>
  <datafield tag="651" ind1=" " ind2="7">
    <subfield code="a">France</subfield>
    <subfield code="z">Franche-Comt&#xFFFD;e</subfield>
    <subfield code="2">fast</subfield>
    <subfield code="9">57577</subfield>
  </datafield>
  <datafield tag="655" ind1=" " ind2="7">
    <subfield code="a">History</subfield>
    <subfield code="2">fast</subfield>
    <subfield code="9">216</subfield>
  </datafield>
  <datafield tag="700" ind1="1" ind2=" ">
    <subfield code="a">Bourgeois, Jean-Claude,</subfield>
    <subfield code="d">1932-2011,</subfield>
    <subfield code="e">illustrator.</subfield>
    <subfield code="9">57578</subfield>
  </datafield>
  <datafield tag="942" ind1=" " ind2=" ">
    <subfield code="2">lcc</subfield>
    <subfield code="c">BK</subfield>
  </datafield>
  <datafield tag="948" ind1=" " ind2=" ">
    <subfield code="h">NO HOLDINGS IN GHUCC - 13 OTHER HOLDINGS</subfield>
  </datafield>
  <datafield tag="999" ind1=" " ind2=" ">
    <subfield code="c">54573</subfield>
    <subfield code="d">54573</subfield>
  </datafield>
</record>
